Normal view
MARC view
- Fred K. Manasse, John A. Ekiss & Charles R. Gray
Entry Personal Name
001 - CONTROL NUMBER
- control field: 101602
003 - CONTROL NUMBER IDENTIFIER
- control field: NUST
005 - DATE AND TIME OF LATEST TRANSACTION
- control field: 20221028104759.0
008 - FIXED-LENGTH DATA ELEMENTS
- fixed length control field: 221028|| aca||aabn | a|a d
040 ## - CATALOGING SOURCE
- Original cataloging agency: NUST
- Transcribing agency: NUST
100 ## - HEADING--PERSONAL NAME
- Personal name: Fred K. Manasse, John A. Ekiss & Charles R. Gray
670 ## - SOURCE DATA FOUND
- Source citation: Work cat.: (NUST)180646: Manasse, Fred K. 41585, Modern transistor electronics analysis and design /, 1967
